000 00692nam a2200289Ia 4500
005 20260324113923.0
008 008 260324s9999 xx 000 0 eng d
020 _a9781003350200
037 _aEBOOK
040 _aCRL
040 _beng
040 _cCRL
041 _2eng
041 _aeng
084 _qCRL
100 _aRose A. Sackeyfio
_91119905
245 0 _aAfrican Women Narrating Identity
245 0 _bLocal and Global Journeys of the Self
260 _bTaylor and Francis
260 _c2023
365 _a
365 _b230
856 _uhttp://www.taylorfrancis.com/books/9781003350200
942 _cEBOOK
999 _c1738605
_d1738605